Analytical and Numerical Solution for Flow and Heat Transfer Over Unsteady Stretching Sheet with Internal Heating / (Record no. 609116)

000 -LEADER
fixed length control field 00553nam a22001457a 4500
082 ## - DEWEY DECIMAL CLASSIFICATION NUMBER
Classification number 621
100 ## - MAIN ENTRY--PERSONAL NAME
Personal name Bilal, Muhammad
245 ## - TITLE STATEMENT
Title Analytical and Numerical Solution for Flow and Heat Transfer Over Unsteady Stretching Sheet with Internal Heating /
Statement of responsibility, etc. M Bilal
264 ## - PRODUCTION, PUBLICATION, DISTRIBUTION, MANUFACTURE, AND COPYRIGHT NOTICE
Place of production, publication, distribution, manufacture Islamabad :
Name of producer, publisher, distributor, manufacturer SMME- NUST;
Date of production, publication, distribution, manufacture, or copyright notice 2022.
300 ## - PHYSICAL DESCRIPTION
Extent 50p.
Other physical details Soft Copy
Dimensions 30cm
650 ## - SUBJECT ADDED ENTRY--TOPICAL TERM
Topical term or geographic name entry element MS Mechanical Engineering
700 ## - ADDED ENTRY--PERSONAL NAME
Personal name Supervisor : Dr Muhammad Safdar
856 ## - ELECTRONIC LOCATION AND ACCESS
Uniform Resource Identifier <a href="http://10.250.8.41:8080/xmlui/handle/123456789/30724">http://10.250.8.41:8080/xmlui/handle/123456789/30724</a>
942 ## - ADDED ENTRY ELEMENTS (KOHA)
Source of classification or shelving scheme
Koha item type Thesis
Holdings
Withdrawn status Permanent Location Current Location Shelving location Date acquired Full call number Barcode Koha item type
  School of Mechanical & Manufacturing Engineering (SMME) School of Mechanical & Manufacturing Engineering (SMME) E-Books 05/14/2024 621 SMME-TH-731 Thesis
© 2023 Central Library, National University of Sciences and Technology. All Rights Reserved.